| 000 | 00734nam a2200241 a 4500 | ||
|---|---|---|---|
| 999 |
_c620 _d620 |
||
| 005 | 20180112095740.0 | ||
| 008 | 140221b1975 ck ||||| |||| 00| 0 spa d | ||
| 040 |
_aCO-BoIAVH _cCO-BoIAVH |
||
| 041 | _aspa | ||
| 044 | _ack | ||
| 090 |
_aIND-I _b04 |
||
| 100 | _aRamírez S., Edgar | ||
| 245 | _aContribución al conocimiento de la Tortuga gogo (Caretta caretta) en la costa norte colombiana "Operación tortuga marina" 1974-1975 | ||
| 260 |
_aBarranquilla _bINDERENA _c1975 |
||
| 300 | _a52 páginas | ||
| 650 | 1 | 4 | _aMedio Ambiente |
| 650 | 1 | 4 | _aNeonatos |
| 650 | 1 | 4 | _aOvoposición |
| 650 | 1 | 4 | _aTortuga |
| 650 | 1 | 4 | _aVida Silvestre |
| 662 |
_aColombia _cCaribe |
||
| 942 |
_cINFORME _2z |
||